| 000 | 01275nam a22002894i 4500 | ||
|---|---|---|---|
| 999 |
_c64614 _d64614 |
||
| 001 | 768714001 | ||
| 003 | CO-MdFUSB | ||
| 005 | 20181018115905.0 | ||
| 008 | 181010t1991 ja ||||| |||| 00| 0 eng d | ||
| 020 | _a086209173X | ||
| 040 |
_aCO-MdFUSB _bspa _cCO-MdFUSB _dCO-MdFUSBC _erda |
||
| 041 | _aeng | ||
| 082 |
_223 _a262.142 _bP571 |
||
| 100 |
_aPhilpot, Tony _eautor |
||
| 245 | 0 |
_aBrothers in Christ _b: a call to fraternity in the diocesan priesthood _c/ Tony Philpot |
|
| 264 | 1 |
_aHong Kong, Japon : _bKevin Mayhew Publishers, _c℗1991 |
|
| 264 | 4 | _c©1991 | |
| 300 |
_a87 páginas ; _c23 cm |
||
| 336 |
_2rdacontent _atexto _btxt |
||
| 337 |
_2rdamedia _asin mediación _bn |
||
| 338 |
_2rdacarrier _avolumen _bnc |
||
| 505 | _aTan sucio y justo un día -- Como una piedra imantada -- Como un ciervo anhela las corrientes que fluyen -- Como una raíz de tierra seca -- Justicia en la puerta -- Como los cursos de agua en el negev -- Sero Me amavi -- Como una ballena varada -- En el talón de la caza -- Como un precioso aceite en la cabeza -- Una lámpara a mis pies -- Como El gramo redondea una imagen - Belleza austera y simple -- Como el sonido de muchas aguas | ||
| 563 | _aTapa dura | ||
| 650 | 7 |
_9206 _aLiturgia |
|
| 942 | _cBK | ||